| 000 | 00352cam a22001217a 4500 | ||
|---|---|---|---|
| 008 | 180718b2001 xxu||||| |||| 00| 0 eng d | ||
| 020 | _a8186622 37 3 | ||
| 245 |
_aLala lajpat rai aur najdeek se _cedited by Vishnu Sharan |
||
| 260 |
_aNew Delhi _bHerman Publishing House _c2001 |
||
| 300 | _a245p. | ||
| 650 | _aLala lajpat rai | ||
| 700 | _aSharan, Vishnu | ||
| 999 |
_c439982 _d439982 |
||